000 00264nam a2200109Ia 4500
008 220204s9999 xx 000 0 und d
082 _a82-3
_bIRV;1
100 _aIrving, John
245 4 _aThe World according to garp
260 _aLondon
_bCorgi
_c1979
942 _cBK
999 _c35843
_d35843